| 000 | 06744nam a22005177a 4500 | ||
|---|---|---|---|
| 005 | 20100101100125.0 | ||
| 020 |
_c150.00 _a8189364138 |
||
| 035 | _aB-371848-873 | ||
| 037 | _bचेतना प्रकाशन/ PUB | ||
| 082 | _a821 | ||
| 100 |
_aकालरा, शकुन्तला _919516 |
||
| 245 |
_aहँसते- महकते फूल / _cशकुन्तला कालरा |
||
| 260 |
_aदिल्ली _bचेतना प्रकाशन _c2010 |
||
| 270 |
_a1376, आत्माराम बिल्ड़ंग, कश्मीरी गेट _bदिल्ली _e110006 |
||
| 300 |
_a100पृ. _c24सेमी (सजिल्द) _bसचित्र |
||
| 700 |
_a _919350 |
||
| 942 |
_2ddc _cCH _h821 _mकालरा |
||
| 999 |
_c33409 _d33409 |
||